000 00428nam a2200181Ia 4500
001 4218
005 20260306145739.0
008 260306t1987||||xx |||||||||||||| ||spa||
041 _aESP
082 _a320.01
_bS29
100 _aSchmitt, Carl [1888-1985]
_eAUT
245 0 _aEl concepto de lo político
260 _c1987
300 _a153 páginas :
_c20 cm.
650 _aGEN
654 _aCDE
942 _cLIB
_dJUS
_fJUS
_2ddc
_n
999 _c4218
_d4218